<?xml version="1.0" encoding="UTF-8"?>
<record
    xmlns:xsi="http://www.w3.org/2001/XMLSchema-instance"
    xsi:schemaLocation="http://www.loc.gov/MARC21/slim http://www.loc.gov/standards/marcxml/schema/MARC21slim.xsd"
    xmlns="http://www.loc.gov/MARC21/slim">

  <leader>01646cam a2200445 i 4500</leader>
  <controlfield tag="001">B813062</controlfield>
  <controlfield tag="003">OSt</controlfield>
  <controlfield tag="005">20260320020004.0</controlfield>
  <controlfield tag="007">ta                    </controlfield>
  <controlfield tag="008">180523t20182018fr ||||       000|f fre  </controlfield>
  <controlfield tag="009">4</controlfield>
  <datafield tag="020" ind1=" " ind2=" ">
    <subfield code="a">9782745983992 (broch&#xE9;)</subfield>
  </datafield>
  <datafield tag="024" ind1="3" ind2=" ">
    <subfield code="a">9782745983992</subfield>
  </datafield>
  <datafield tag="035" ind1=" " ind2=" ">
    <subfield code="a">(SDM)B813062</subfield>
  </datafield>
  <datafield tag="040" ind1=" " ind2=" ">
    <subfield code="a">SDM</subfield>
    <subfield code="b">fre</subfield>
    <subfield code="e">rda</subfield>
    <subfield code="d">SQTD</subfield>
    <subfield code="c">CDM</subfield>
  </datafield>
  <datafield tag="041" ind1="1" ind2=" ">
    <subfield code="a">fre</subfield>
    <subfield code="h">eng</subfield>
  </datafield>
  <datafield tag="082" ind1="0" ind2=" ">
    <subfield code="a">BEL</subfield>
    <subfield code="2">23</subfield>
  </datafield>
  <datafield tag="082" ind1="0" ind2=" ">
    <subfield code="a">823/.92 B433e</subfield>
    <subfield code="2">23</subfield>
  </datafield>
  <datafield tag="100" ind1="1" ind2=" ">
    <subfield code="a">Bell, Alex,</subfield>
    <subfield code="d">1986-</subfield>
    <subfield code="e">auteur.</subfield>
    <subfield code="9">1203385ad</subfield>
    <subfield code="8">1160872ad</subfield>
  </datafield>
  <datafield tag="240" ind1="1" ind2="0">
    <subfield code="a">Frozen Charlotte.</subfield>
    <subfield code="l">Fran&#xE7;ais</subfield>
  </datafield>
  <datafield tag="245" ind1="1" ind2="0">
    <subfield code="a">Emmur&#xE9;es /</subfield>
    <subfield code="c">Alex Bell ; traduit de l'anglais par Lauriane Crettenand.</subfield>
  </datafield>
  <datafield tag="300" ind1=" " ind2=" ">
    <subfield code="a">340 pages ;</subfield>
    <subfield code="c">23 cm.</subfield>
  </datafield>
  <datafield tag="500" ind1=" " ind2=" ">
    <subfield code="a">Traduction de: Frozen Charlotte.</subfield>
  </datafield>
  <datafield tag="521" ind1=" " ind2=" ">
    <subfield code="a">J++ 4.</subfield>
  </datafield>
  <datafield tag="590" ind1=" " ind2=" ">
    <subfield code="a">J++</subfield>
  </datafield>
  <datafield tag="650" ind1=" " ind2="6">
    <subfield code="a">Oui-ja</subfield>
    <subfield code="v">Romans, nouvelles, etc. pour la jeunesse.</subfield>
  </datafield>
  <datafield tag="650" ind1=" " ind2="6">
    <subfield code="a">Maisons hant&#xE9;es</subfield>
    <subfield code="v">Romans, nouvelles, etc. pour la jeunesse.</subfield>
  </datafield>
  <datafield tag="650" ind1=" " ind2="6">
    <subfield code="a">Cousins</subfield>
    <subfield code="v">Romans, nouvelles, etc. pour la jeunesse.</subfield>
  </datafield>
  <datafield tag="650" ind1=" " ind2="6">
    <subfield code="a">Poup&#xE9;es de porcelaine</subfield>
    <subfield code="v">Romans, nouvelles, etc. pour la jeunesse.</subfield>
  </datafield>
  <datafield tag="650" ind1=" " ind2="6">
    <subfield code="a">Possession par les esprits</subfield>
    <subfield code="v">Romans, nouvelles, etc. pour la jeunesse.</subfield>
  </datafield>
  <datafield tag="650" ind1=" " ind2="6">
    <subfield code="a">Secrets de famille</subfield>
    <subfield code="v">Romans, nouvelles, etc. pour la jeunesse.</subfield>
  </datafield>
  <datafield tag="650" ind1=" " ind2="6">
    <subfield code="a">Revenants</subfield>
    <subfield code="v">Romans, nouvelles, etc. pour la jeunesse.</subfield>
  </datafield>
  <datafield tag="650" ind1=" " ind2="6">
    <subfield code="a">Roman pour jeunes adultes.</subfield>
  </datafield>
  <datafield tag="651" ind1=" " ind2="6">
    <subfield code="a">&#xC9;cosse</subfield>
    <subfield code="v">Romans, nouvelles, etc. pour la jeunesse.</subfield>
  </datafield>
  <datafield tag="655" ind1=" " ind2="7">
    <subfield code="a">Histoires de fant&#xF4;mes.</subfield>
    <subfield code="2">rvmgf</subfield>
  </datafield>
  <datafield tag="655" ind1=" " ind2="7">
    <subfield code="a">Romans d'horreur.</subfield>
    <subfield code="2">rvmgf</subfield>
  </datafield>
  <datafield tag="856" ind1=" " ind2=" ">
    <subfield code="u">https://college-montreal.biblius.ca/explore/products/631da7f0-06f0-4396-8718-cf3c9ae05c93</subfield>
  </datafield>
  <datafield tag="908" ind1=" " ind2=" ">
    <subfield code="a">SDM</subfield>
  </datafield>
  <datafield tag="942" ind1=" " ind2=" ">
    <subfield code="2">ddc</subfield>
    <subfield code="c">BK</subfield>
    <subfield code="0">8</subfield>
  </datafield>
  <datafield tag="999" ind1=" " ind2=" ">
    <subfield code="c">37054</subfield>
    <subfield code="d">37054</subfield>
  </datafield>
  <datafield tag="952" ind1=" " ind2=" ">
    <subfield code="0">0</subfield>
    <subfield code="1">0</subfield>
    <subfield code="2">ddc</subfield>
    <subfield code="4">0</subfield>
    <subfield code="7">0</subfield>
    <subfield code="a">MAIN</subfield>
    <subfield code="b">MAIN</subfield>
    <subfield code="d">2020-10-07</subfield>
    <subfield code="l">19</subfield>
    <subfield code="m">2</subfield>
    <subfield code="o">BEL</subfield>
    <subfield code="p">0000199400</subfield>
    <subfield code="r">2026-04-20 14:39:11</subfield>
    <subfield code="s">2026-03-19</subfield>
    <subfield code="w">2020-10-07</subfield>
    <subfield code="y">BK</subfield>
  </datafield>
</record>
